Tolstoy and Gandhi (Record no. 414625)

000 -LEADER
fixed length control field 00528cam a22001697a 4500
008 - FIXED-LENGTH DATA ELEMENTS--GENERAL INFORMATION
fixed length control field 180718b1950 xxu||||| |||| 00| 0 eng d
082 ## - DEWEY DECIMAL CLASSIFICATION NUMBER
Classification number A99 G151/N131
100 ## - MAIN ENTRY--PERSONAL NAME
Personal name Nag, Kalidas
245 ## - TITLE STATEMENT
Title Tolstoy and Gandhi
Statement of responsibility, etc. by Kalidas Nag
260 ## - PUBLICATION, DISTRIBUTION, ETC.
Place of publication, distribution, etc. Patna
Name of publisher, distributor, etc. Pustak Bhandar
Date of publication, distribution, etc. 1950
300 ## - PHYSICAL DESCRIPTION
Extent xix, 135p
650 ## - SUBJECT ADDED ENTRY--TOPICAL TERM
Topical term or geographic name entry element Nationalists -India -Biography.
650 ## - SUBJECT ADDED ENTRY--TOPICAL TERM
Topical term or geographic name entry element Statesmen -India -Biography
650 ## - SUBJECT ADDED ENTRY--TOPICAL TERM
Topical term or geographic name entry element Authors, Russian -19th century -Biography
650 ## - SUBJECT ADDED ENTRY--TOPICAL TERM
Topical term or geographic name entry element Gandhi, Mahatma, 1869-1948
650 ## - SUBJECT ADDED ENTRY--TOPICAL TERM
Topical term or geographic name entry element Tolstoy, Leo, graf, 1828-1910
Holdings
Withdrawn status Lost status Damaged status Not for loan Permanent Location Current Location Date acquired Full call number Barcode Date last seen Price effective from Koha item type
        Indian Institute of Public Administration Indian Institute of Public Administration 2009-02-25 A99 G151/N131 1897 2018-07-21 2018-07-21 Book

Powered by Koha